The third speech of the Lord George Digby to the House of Commons concerning bishops and the citie petition the 9th of Febr. 1640

Bibliographic Details
Main Author: Bristol, George Digby, Earl of, 1612-1677
Format: eBook
Language:English
Published: [London?] : Printed for Tho. Walkley, 1640.
Series:Early English books online.
Subjects:
Online Access:Connect to the full text of this electronic book

MARC

Tag First Indicator Second Indicator Subfields
LEADER 00000nam a2200000Ia 4500
001 in00004295821
005 20200810081639.0
006 m g d
007 cr bn |||a|bb|
008 860113s1640 enk o 00| | eng d
035 |a (OCoLC)13013316 
040 |a EAA  |c EAA  |d m/c  |d UMI  |d WaOLN 
037 |a CL0037000007  |b ProQuest Information and Learning. 300 N. Zeeb Rd., Ann Arbor, MI 48106 
049 |a UMIA 
100 1 |a Bristol, George Digby,  |c Earl of,  |d 1612-1677. 
245 1 4 |a The third speech of the Lord George Digby to the House of Commons concerning bishops and the citie petition the 9th of Febr. 1640 
260 |a [London?] :  |b Printed for Tho. Walkley,  |c 1640. 
300 |a 1 online resource ([2], 5-19 pages) 
336 |a text  |b txt  |2 rdacontent 
337 |a computer  |b c  |2 rdamedia 
338 |a online resource  |b cr  |2 rdacarrier 
500 |a Reproduction of original in Thomason Collection, British Library. 
510 4 |a Wing  |c B4775 
510 4 |a McAlpin Coll.  |c II 546 
533 |a Electronic reproduction.  |b Ann Arbor, Mich. :  |c UMI,  |d 1999-  |f (Early English books online)  |n Digital version of: (Early English books, 1641-1700 ; 259:E196, no 30)  |7 s1999 miun s 
610 2 0 |a Church of England  |x Bishops  |x Temporal power. 
740 0 |a 3rd speech of the Lord George Digby to the House of Commons. 
740 0 |a IIIrd speech of the Lord George Digby to the House of Commons. 
830 0 |a Early English books online. 
856 4 0 |u http://proxy.library.tamu.edu/login?url=https://search.proquest.com/docview/2240852734  |z Connect to the full text of this electronic book  |t 0 
999 f f |s c206f9fd-e027-3d90-bd70-c2c30ed4971b  |i de88a425-adcc-37c0-8fec-70acc8d15da8  |t 0 
952 f f |a Texas A&M University  |b College Station  |c Electronic Resources  |d Available Online  |t 0  |h No information provided 
998 f f |t 0  |l Available Online